Statistiques concernant Les pays participant à l'euro 2016

Cliquez ici pour prendre le quiz!

Statistiques générales

  • Ce quiz a été pris 138 fois
    (75 depuis la dernière actualisation)
  • Le résultat moyen est 21 sur 24

Statistiques - réponses

Par groupePays% Correct
DEspagne
100%
AFrance
100%
FPortugal
100%
ASuisse
97%
CAllemagne
96%
EIrlande
96%
FIslande
96%
EItalie
96%
BAngleterre
94%
CPologne
93%
ARoumanie
93%
BRussie
93%
AAlbanie
92%
ESuède
92%
EBelgique
90%
DCroatie
90%
FAutriche
86%
FHongrie
86%
BPays de Galles
85%
BSlovaquie
82%
CUkraine
80%
DTurquie
79%
CIrlande du Nord
73%
DRépublique Tchèque
62%

Distribution des résultats

Percentile par nombre de réponses

% des personnes avec chaque résultat

Votre développement - résultats

Vous n’avez pas pris ce quiz depuis la dernière actualisation